Bežné a alternatívne formy financovania malých a stredných podnikov diplomová práca

Enregistré dans:
Détails bibliographiques
Auteur principal: Chabrečeková, Vladimíra
Collectivité auteur: Národohospodárska fakulta EU. Katedra bankovníctva a medzinárodných financií
Autres auteurs: Dedinský, Juraj, 1996-
Format: Livre
Langue:slovaque
Publié: Bratislava 2025
Tags: Ajouter un tag
Pas de tags, Soyez le premier à ajouter un tag!

MARC

LEADER 00000nbm a2200000 4500
001 0309494
005 20260109091555.1
041 0 |a slo 
044 |a SK 
245 1 0 |a Bežné a alternatívne formy financovania malých a stredných podnikov  |b diplomová práca  |c Vladimíra Chabrečeková ; školiteľ: Juraj Dedinský 
264 1 |a Bratislava  |c 2025 
300 |a 73 s. 
100 1 |a Chabrečeková, Vladimíra 
700 1 |a Dedinský, Juraj, 1996- 
710 2 |a Národohospodárska fakulta EU. Katedra bankovníctva a medzinárodných financií